Banned Books Quiz Stats

 Plays Quiz Updated Oct 15, 2018

     
Support Sporcle.
Go Orange.
Score 0/100 Timer 12:00
0 Plays Today
Book/Series % Correct
Harry Potter
97.3%
Catcher in the Rye
66.9%
The Adventures of Huckleberry Finn
61.9%
To Kill a Mockingbird
60.2%
Of Mice and Men
52.5%
Slaughterhouse-Five
43.3%
The Handmaid's Tale
43.1%
Brave New World
42.7%
Goosebumps
39.2%
I Know Why the Caged Bird Sings
37.4%
The Kite Runner
36.6%
Fahrenheit 451
33.9%
Are You There God? It's Me, Margaret
33.2%
The Color Purple
32.9%
Beloved
32.7%
The Giver
30%
A Wrinkle in Time
29.6%
His Dark Materials
24.2%
One Flew Over the Cuckoo's Nest
20.5%
The Bluest Eye
19.1%
The Lovely Bones
15.8%
The Things They Carried
13.8%
Go Ask Alice
13.4%
Captain Underpants
12.7%
A Prayer For Owen Meany
12.7%
The Chocolate War
12.5%
Song of Solomon
11.4%
Forever
10.1%
Gossip Girl
9.2%
Blubber
8.8%
A Time to Kill
8.4%
Black Boy
8.4%
The Perks of Being a Wallflower
8.3%
Alice
8.3%
Book/Series % Correct
ttyl
7.6%
Bridge to Terabithia
7.5%
America: A Novel
7.3%
Speak
7.1%
The House of Spirits
5.9%
Crazy: A Novel
5.7%
The Face on the Milk Carton
5.7%
Friday Night Lights
5.6%
The Joy of Gay Sex
5%
In the Night Kitchen
4.2%
Junie B. Jones
4.2%
Tiger Eyes
4.1%
Roll of Thunder, Hear My Cry
4%
Julie of the Wolves
3.7%
Snow Falling on Cedars
3.5%
Scary Stories
3.4%
Angus, Thongs, and Full Frontal Snogging
3.2%
Fallen Angels
3%
Grendel
2.8%
Bless Me, Ultima
2.8%
Killing Mr. Griffin
2.8%
And Tango Makes Three
2.7%
Summer of My German Soldier
2.4%
The Great Gilly Hopkins
2.3%
A Day No Pigs Would Die
2.3%
My Brother Sam is Dead
2.3%
The Adventures of Super Diaper Baby
2.2%
Kaffir Boy
2.1%
Whale Talk
2.1%
Blood and Chocolate
2.1%
Shade's Children
2.1%
Cut
2%
Staying Fat for Sarah Byrnes
1.9%
It's Perfectly Normal
1.9%
Book/Series % Correct
What My Mother Doesn't Know
1.9%
The Earth, My Butt, and Other Big, Round Things
1.7%
Athletic Shorts
1.6%
Rainbow Boys
1.6%
The Terrorist
1.6%
We All Fall Down
1.5%
Anastasia Again!
1.5%
King and King
1.5%
The Stupids
1.5%
Daughters of Eve
1.5%
Olive's Ocean
1.4%
Draw Me A Star
1.4%
The Boy Who Lost His Face
1.4%
The Upstairs Room
1.4%
When Dad Killed Mom
1.4%
Arming America
1.3%
Crazy Lady
1.3%
What's Happening to My Body Book
1.3%
It's So Amazing
1.2%
Life is Funny
1.2%
The Fighting Ground
1.3%
Harris and Me
1.2%
So Far From the Bamboo Grove
1.2%
Mick Harte Was Here
1.2%
Fat Kid Rules the World
1.2%
Always Running
1.2%
Deal With It!
1.1%
Bumps in the Night
1%
You Hear Me
1%
I Saw Esau
1%
Detour for Emmy
1%
The Facts Speak for Themselves
0.9%

From the Vault

Spot the Disney Film

by mikenew

Movies 12m
There won't be that many spots, though.
Remove Ads.
Support Sporcle.
Get the best of Sporcle when you Go Orange. This ad-free experience offers more features, more stats, and more fun while also helping to support Sporcle. Thank you for becoming a member.

Show Comments

Extras

Top Quizzes Today


Score Distribution

Your Account Isn't Verified!

In order to create a playlist on Sporcle, you need to verify the email address you used during registration. Go to your Sporcle Settings to finish the process.

Report this User

Report this user for behavior that violates our Community Guidelines.

Details: